000 00604cam a2200229 a 4500
001 950619
005 20180224025514.0
008 840112s1984 enk b 001 0 eng
010 _a 84002245
020 _a0379111470 (U.S.) :
_c$7.50
040 _aDLC
_cDLC
_dDLC
041 _aeng
043 _an-us---
080 _a346.7304
082 0 0 _a346.7304 MOR
_a347.30646954
_219
100 1 _a15
101 _aSHJ
245 1 0 _aAnimal rights and the law /
_cby Daniel S. Moretti.
504 _aBibliography: p. 143-146.
906 _a7
_bcbc
_corignew
_d1
_eocip
_f19
_gy-gencatlg
942 _2ddc
_cBK
999 _c43343
_d43343